Teória klastrov pri odstraňovaní regionálnych disparít

Zisťovanie stavu regionálnych disparít. SWOT analýza regiónu. Klastre a ich využívanie pri tvorbe rozvojových koncepcií - rast prílevu zahraničných investícií. Algoritmus postupu riešenia regionálnych disparít.

Saved in:
Bibliographic Details
Main Author: Nináčová, Valéria
Format: Book Chapter
Language:Slovak
Subjects:
Tags: Add Tag
No Tags, Be the first to tag this record!

MARC

LEADER 00000naa$a2200000$$$4500
001 0080047
005 20221207083432.3
041 0 |a slo 
044 |a SK 
245 1 0 |a Teória klastrov pri odstraňovaní regionálnych disparít  |c Valéria Nináčová 
520 |a Zisťovanie stavu regionálnych disparít. SWOT analýza regiónu. Klastre a ich využívanie pri tvorbe rozvojových koncepcií - rast prílevu zahraničných investícií. Algoritmus postupu riešenia regionálnych disparít. 
610 2 0 |a klaster 
610 2 0 |a regióny 
610 2 0 |a disparita 
610 2 0 |a rozvoj regionálny 
610 2 0 |a analýza swot 
100 1 |a Nináčová, Valéria